Intersezionalità : come teoria critica della società /

Salvato in:
Dettagli Bibliografici
Autore principale: Hill Collins, Patricia
Altri autori: Corbisiero, Fabio (Redattore), Davis, Kathy, (1949- ) (Autore dell'introduzione etc.), Gheno, Vera (Autore dell'introduzione etc.), Maturi, Pietro (Traduttore), Nocenzi, Mariella (Redattore)
Natura: Libro
Lingua:italiano
Pubblicazione: Torino : UTET università, 2022
Soggetti:
Tags: Aggiungi Tag
Nessun Tag, puoi essere il primo ad aggiungerne!!

MARC

LEADER 00000nam a2200000 i 4500
001 IT\ICCU\UBO\4653129
003 ItRI
005 20260115232118.0
008 221007s2022 it |||||| ||||| |||||c
015 |2 IT  |a 2023-2715 
020 |a 9788860086662 
040 |b ita  |c importazione bologna sebina 
041 7 |a ita  |2 ISO-639-2 
082 |a 305  |9 GRUPPI SOCIALI  |2 23 
100 1 |a Hill Collins, Patricia  |0 IT\ICCU\IEIV\039194 
240 1 0 |a Intersectionality as critical social theory  |3 IT\ICCU\UBO\4653132  |9 Hill Collins, Patricia 
245 1 0 |a Intersezionalità :  |b come teoria critica della società /  |c Patricia Hill Collins ; a cura di Fabio Corbisiero e Mariella Nocenzi ; con le prefazioni di Khaty [i.e. Kathy] Davis e Vera Gheno ; traduzione di Pietro Maturi. 
246 1 3 |a Intersezionalità come teoria critica della società  |9 IT\ICCU\UBO\4653133 
260 |a Torino :  |b UTET università,  |c 2022 
300 |a XXXII, 429 p. ;  |c 23 cm 
650 7 |a Disuguaglianza sociale 
700 1 |a Corbisiero, Fabio  |0 IT\ICCU\RMSV\611400  |4 edt 
700 1 |a Davis, Kathy,  |d  (1949- )  |0 IT\ICCU\TO0V\093625  |4 aui 
700 1 |a Gheno, Vera  |0 IT\ICCU\RAVV\379657  |4 aui 
700 1 |a Maturi, Pietro  |0 IT\ICCU\LO1V\146825  |4 trl 
700 1 |a Nocenzi, Mariella  |0 IT\ICCU\RMSV\040193  |4 edt 
790 1 |a Collins, Patricia Hill  |3 IT\ICCU\CFIV\366579  |z Hill Collins, Patricia 
790 1 |a Davis, Kathy Ellen  |3 IT\ICCU\UBOV\095284  |z Davis, Kathy (1949- ) 
942 |2 ddc  |c BK  |n 0 
952 |0 0  |1 0  |4 0  |6 DOC_301_000000000000000_COL  |7 0  |9 20248  |a BO  |b BO  |d 2026-01-15  |i 19714  |l 0  |o DOC 301 COL  |p BO19714  |r 2026-01-15 23:21:18  |w 2026-01-15  |x [Sebina 5] [1 v.]  |y BK  |z 1 v. 
999 |c 17275  |d 17275